000 00426nam a2200181Ia 4500
001 25290
005 20260414151140.0
008 260414t2016||||xx |||||||||||||| ||spa||
041 _aESP
082 _a346.431
_bT75
100 _aTorres Vásquez, Aníbal
_eAUT
245 0 _aPropiedad horizontal
_b
260 _c2016
300 _a667 páginas :
_c25 cm.
650 _aDER
654 _aCDE
942 _cLIB
_dJUS
_fJUS
_2ddc
_n
999 _c25290
_d25290